000 00774nam a2200241Ia 4500
003 OSt
005 20220923222340.0
006 a|||||r|||| 00| 0
007 ta
008 220922b |||||||| |||| 00| 0 hin d
024 _a204,593
037 _cTextual
040 _aARTS
_cARTS
_bhin
041 _2hin
_ahin
082 _aO157,2M61:g, 152J6
100 _aपुरोहित, राधेश्याम
245 0 _aटैगोर का साहित्य - दर्शन
246 _aṬaigor kā sāhitya - darshana
260 _c1956
650 _aबंगाली साहित्य
_9156264
942 _hO157,2M61:g, 152J6
_cTEXL
_2CC
999 _c355341
_d355341